Natural Gas Producing Countries Quiz Stats

 Plays Quiz Updated Nov 6, 2018

     
Support Sporcle.
Go Orange.
Score 0/26 Timer 06:00
2 Plays Today
Rank Country % Correct
1United States
98.4%
2Russia
95%
6China
92.8%
5Canada
91.3%
18Mexico
85%
22United Kingdom
84.1%
3Iran
83.3%
26India
82.5%
8Saudi Arabia
79.9%
14Australia
73.7%
24Argentina
65.8%
16Egypt
63.5%
7Norway
63.4%
Rank Country % Correct
21Pakistan
62.1%
25Oman
58.5%
11Indonesia
58.2%
17United Arab Emirates
54%
23Nigeria
49.1%
10Algeria
45.3%
20Thailand
42.6%
4Qatar
42.4%
13Malaysia
36.7%
15Uzbekistan
36.5%
9Turkmenistan
34.6%
12Netherlands
25.8%
19Trinidad and Tobago
5.6%

From the Vault

Click the Irish Symbols

by teedslaststand

Holiday 3m
We're trying to figure out our new coat of arms.
Remove Ads.
Support Sporcle.
Get the best of Sporcle when you Go Orange. This ad-free experience offers more features, more stats, and more fun while also helping to support Sporcle. Thank you for becoming a member.

Show Comments

Extras

Top Quizzes Today


Score Distribution

Your Account Isn't Verified!

In order to create a playlist on Sporcle, you need to verify the email address you used during registration. Go to your Sporcle Settings to finish the process.

Report this User

Report this user for behavior that violates our Community Guidelines.

Details: